000 00869cam a2200241 a 4500
001 2579515
003 ARRUPE
005 20131217020006.0
008 960509s1996 nyu b 000 0 eng
010 _a 96022811
020 _a0824516206 (pbk.)
040 _aDLC
_cDLC
_dDLC
050 0 0 _aBV4501.2
_b.F43 1996
100 1 _aFiand, Barbara.
_93294
245 1 0 _aWrestling with God :
_breligious life in search of its soul /
_cBarbara Fiand.
260 _aNew York :
_bCrossroad Pub. Co.,
_c1996.
300 _aiii, 208 p. ;
_c21 cm.
504 _aIncludes bibliographical references (p. 196-208).
650 0 _aSpiritual life
_xChristianity.
_93295
906 _a7
_bcbc
_corignew
_d1
_eocip
_f19
_gy-gencatlg
942 _2lcc
_cMONOGRAPH
_02
999 _c118523
_d118523